[Event "Challenge"]
[Site "http://www.queenalice.com/game.php?id=86310"]
[Date "2006.7.15"]
[Round "-"]
[White "alberto"]
[Black "mandaragit"]
[Result "1-0"]
[WhiteElo "1375"]
[BlackElo "2081"]

1. e4 e6 2. d4 d5 3. Nc3 Nf6 4. e5 Nfd7 5. f4 c5 6. Nf3 Nc6 7. Ne2 Be7 8. c3 c4
9. Ng3 g6 10. Be2 Rb8 11. O-O b5 12. b3 Nb6 13. Be3 Bd7 14. Rb1 a5 15. Qe1 h5
16. Nh1 a4 17. b4 a3 18. Bd1 Ra8 19. Bc2 Kf8 20. h4 Kg7 21. Ng5 Na4 22. Bd2 Nb6
23. Qg3 Qc8 24. Nxf7 Kxf7 25. Qxg6+ Kf8 26. f5 exf5 27. Bxf5 Bxf5 28. Ng3 1-0

[Event "Challenge"]
[Site "http://www.queenalice.com/game.php?id=86312"]
[Date "2006.7.15"]
[Round "-"]
[White "mandaragit"]
[Black "alberto"]
[Result "1-0"]
[WhiteElo "2105"]
[BlackElo "1273"]

1. d4 Nf6 2. c4 g6 3. Nc3 d5 4. Bg5 dxc4 5. e4 Bg7 6. Bxc4 c5 7. d5 O-O 8. Nf3
Qa5 9. Qd2 Bg4 10. O-O Bxf3 11. gxf3 Nbd7 12. f4 a6 13. e5 Ng4 14. Bxe7 Rfe8 15.
d6 Ndxe5 16. fxe5 Nxe5 17. Bd5 Rab8 18. f4 Ng4 19. Bxf7+ Kh8 20. Bxe8 Rxe8 21.
d7 1-0

[Event "Challenge"]
[Site "http://www.queenalice.com/game.php?id=86313"]
[Date "2006.7.15"]
[Round "-"]
[White "alberto"]
[Black "Tads21"]
[Result "0-1"]
[WhiteElo "1251"]
[BlackElo "2109"]

1. e4 c5 2. Nf3 d6 3. d4 cxd4 4. Nxd4 Nf6 5. Nc3 a6 6. Be2 e6 7. O-O Be7 8. Kh1
O-O 9. f4 Nbd7 10. Bf3 Qc7 11. Be3 Nb6 12. f5 Nc4 13. Bc1 Ne5 14. Qe1 Qb6 15.
Be3 Qxb2 16. Rb1 Nxf3 17. Rxf3 Qa3 18. Rb3 Qa5 19. Bd2 Qc7 20. Rh3 b5 21. Bg5
Ng4 22. Bh4 Bf6 23. Bxf6 Nxf6 24. Qe2 Qc5 25. Nf3 exf5 26. Ng5 h6 27. Nd5 Nxd5
28. exd5 Qc4 29. Rbd3 f4 30. Ne6 fxe6 31. dxe6 Bxe6 0-1

[Event "Challenge"]
[Site "http://www.queenalice.com/game.php?id=86314"]
[Date "2006.7.15"]
[Round "-"]
[White "Tads21"]
[Black "alberto"]
[Result "1-0"]
[WhiteElo "2118"]
[BlackElo "1247"]

1. e4 Nf6 2. e5 Nd5 3. d4 d6 4. Nf3 Bg4 5. Be2 e6 6. c4 Nb6 7. Nc3 Nc6 8. O-O
Be7 9. Be3 O-O 10. b3 f6 11. exd6 cxd6 12. d5 exd5 13. Nxd5 Nxd5 14. Qxd5+ Kh8
15. Rfe1 Nb4 16. Qxb7 Nc2 17. Nd4 Nxd4 18. Bxd4 Bd7 19. Bxa7 d5 20. cxd5 Bd6 21.
Bb6 Qb8 22. Qxb8 Raxb8 23. Be3 f5 24. Bc4 Bb4 25. Red1 Bc3 26. Rac1 Be5 27. Bd4
Bd6 28. Re1 Ra8 29. a4 f4 30. Be5 Bb4 31. Re4 f3 32. Rf4 fxg2 33. Kxg2 Bd2 34.
Rxf8+ Rxf8 35. Rd1 Bb4 36. d6 Bc5 37. f4 h6 38. Rd3 Bf5 39. Rg3 1-0

[Event "Let's play chess?! :D"]
[Site "http://www.queenalice.com/game.php?id=87384"]
[Date "2006.7.19"]
[Round "-"]
[White "PRi"]
[Black "alberto"]
[Result "1-0"]
[WhiteElo "1833"]
[BlackElo "1405"]

1. d4 Nf6 2. Nc3 d5 3. e3 c5 4. Nf3 e6 5. g3 Nc6 6. Bg2 Be7 7. O-O O-O 8. b3 Bd7
9. Bb2 Rc8 10. Ne5 a6 11. Ne2 Qc7 12. Nf4 cxd4 13. exd4 Nxe5 14. dxe5 Ne8 15.
Rc1 Bb5 16. Re1 Qa5 17. a4 Bc6 18. c4 dxc4 19. Rxc4 Rd8 20. Qc1 Bxg2 21. Kxg2 b5
22. axb5 axb5 23. Rc6 Bg5 24. Re2 Qa8 25. Kg1 Rd1+ 26. Qxd1 Qxc6 27. Ba3 Bxf4
28. Bxf8 Bxe5 29. Bb4 Bc7 30. Rc2 Qd5 31. Qxd5 exd5 32. Rd2 Nf6 33. Be7 h6 34.
Bxf6 gxf6 35. Rxd5 b4 36. Rd4 Ba5 37. f4 Kg7 38. Kg2 Kg6 39. Kf3 h5 40. Rd5 Bc7
41. Ke4 Bb8 42. h3 Bc7 43. g4 hxg4 44. hxg4 Kg7 45. Rd7 Bb6 46. Rb7 Bc5 47. Kd5
Bf8 48. f5 Kg8 49. Kc6 Kg7 50. Kd7 Kg8 51. Ke8 Bc5 52. Rxf7 Bd4 53. Rb7 Bc3 54.
Rf7 Be5 55. Ke7 Bc3 56. Rxf6 Bd2 57. Rf7 Bg5+ 58. f6 Be3 59. Rg7+ Kh8 60. g5 1-0

[Event "Challenge"]
[Site "http://www.queenalice.com/game.php?id=101211"]
[Date "2006.8.31"]
[Round "-"]
[White "R_Mutt"]
[Black "alberto"]
[Result "0-1"]
[WhiteElo "1747"]
[BlackElo "1345"]

1. d4 Nf6 2. Nc3 d5 3. Qd3 e6 4. Bf4 c5 5. Qe3 Nc6 6. Qg3 Nxd4 7. Rc1 Nh5 8. Qe3
Nxf4 9. Qxf4 Bd6 10. Qd2 O-O 11. e3 Nc6 12. Nf3 a6 13. b3 Be7 14. Ne2 e5 15. g3
Bg4 16. Nh4 d4 17. h3 Be6 18. c4 Bxh4 19. gxh4 Qxh4 20. Ng3 Rad8 21. Qd3 f5 22.
Bg2 e4 23. Qd1 dxe3 24. Qh5 exf2+ 25. Ke2 Qxg3 0-1

[Event "AUTO-MASTER-141"]
[Site "http://www.queenalice.com/game.php?id=119507"]
[Date "2006.10.21"]
[Round "2"]
[White "alberto"]
[Black "gdan"]
[Result "0-1"]
[WhiteElo "1418"]
[BlackElo "1802"]

1. e4 c6 2. d4 d5 3. e5 Bf5 4. g4 Bg6 5. f4 Be4 6. Nf3 e6 7. Bg2 Qa5+ 8. c3 Be7
9. Kf2 h5 10. h3 Nd7 11. Kg3 Bxb1 12. Rxb1 Qxa2 13. Qc2 hxg4 14. hxg4 Rxh1 15.
Bxh1 O-O-O 16. f5 Nf8 17. Bg5 f6 18. Bf4 g5 19. Be3 fxe5 20. dxe5 Qc4 21. Nd2
Qe2 22. Bxa7 Qxe5+ 23. Kh3 Bd6 24. Nf1 Rd7 25. Bb6 Rh7+ 26. Kg2 Rh2+ 0-1

[Event "AUTO-MASTER-141"]
[Site "http://www.queenalice.com/game.php?id=119508"]
[Date "2006.10.21"]
[Round "2"]
[White "gdan"]
[Black "alberto"]
[Result "1/2-1/2"]
[WhiteElo "2001"]
[BlackElo "1483"]

1. e4 e5 2. Nf3 Nc6 3. Bb5 a6 4. Ba4 Nf6 5. O-O b5 6. Bb3 Be7 7. c3 O-O 8. Re1
d5 9. d4 dxe4 10. Nxe5 Bb7 11. Nxc6 Bxc6 12. Bg5 Qd7 13. Bxf6 Bxf6 14. d5 Bb7
15. Rxe4 Rad8 16. Na3 Bxd5 17. Bxd5 Qxd5 18. Qxd5 Rxd5 19. Rae1 Rd2 20. R4e2
Rxe2 21. Rxe2 Rd8 22. g3 g6 23. Nc2 c5 24. Ne3 Kf8 25. f4 h5 26. Kf2 Rd6 27. Nf1
Bd8 28. Nd2 Bb6 29. Ne4 Re6 30. Kf3 Ke7 31. Ng5 Rxe2 32. Kxe2 f6 33. Ne4 Ke6 34.
Kf3 a5 35. b3 Ba7 36. h3 Bb6 37. g4 hxg4+ 38. hxg4 Ba7 39. Ng3 Kd5 40. f5 gxf5
41. Nxf5 c4 42. Ne7+ Ke6 43. Nc6 Bb6 44. b4 axb4 45. Nxb4 Bc7 46. Ke4 Be5 47.
Nd5 Bg3 48. Kd4 Bf2+ 49. Ke4 Bg3 50. Ne3 Be1 51. Nd1 Kd6 52. Kf5 Ke7 53. Ne3 Kf7
54. Nd5 Bd2 55. Ke4 Kg6 56. Nc7 b4 57. cxb4 Bxb4 58. Nd5 Bc5 59. a4 Kg5 60. a5
Kg6 61. a6 Kg5 62. Kf3 Bd4 63. Nc3 f5 64. gxf5 Kxf5 65. Nb5 Bc5 66. Nd6+ Ke6 67.
Nxc4 Kd5 68. Na5 Ba7 69. Kf4 Kc5 1/2-1/2

[Event "AUTO-MASTER-141"]
[Site "http://www.queenalice.com/game.php?id=119509"]
[Date "2006.10.21"]
[Round "2"]
[White "alberto"]
[Black "li2carpio"]
[Result "1-0"]
[WhiteElo "1437"]
[BlackElo "1659"]

1. e4 c5 2. Nf3 d6 3. d4 cxd4 4. Nxd4 Nc6 5. Nc3 Bd7 6. Bc4 h6 7. O-O a6 8. Kh1
e6 9. f4 Nf6 10. f5 exf5 11. Nxf5 Bxf5 12. Rxf5 Be7 13. Bf4 O-O 14. Qd2 b5 15.
Bd5 Nxd5 16. Rxd5 Nb4 17. Rh5 Nc6 18. Bxh6 Bf6 19. Rf1 g6 20. Rd5 Bg7 21. Bxg7
Kxg7 22. Rxd6 Qc7 23. Qf4 Rac8 24. Qf6+ Kg8 25. Rf3 Qe7 26. Rxc6 Qxf6 27. Rfxf6
Rxc6 28. Rxc6 Ra8 29. Kg1 1-0

[Event "AUTO-MASTER-141"]
[Site "http://www.queenalice.com/game.php?id=119510"]
[Date "2006.10.21"]
[Round "2"]
[White "li2carpio"]
[Black "alberto"]
[Result "0-1"]
[WhiteElo "1634"]
[BlackElo "1462"]

1. e4 e5 2. Bc4 Nf6 3. d3 Bc5 4. Nf3 Nc6 5. O-O d6 6. h3 O-O 7. Nc3 Be6 8. Nd5
Ne7 9. Bg5 Nexd5 10. exd5 Bd7 11. a3 h6 12. Bh4 Kh8 13. Qd2 Rg8 14. b4 Bb6 15.
c3 g5 16. Bg3 e4 17. dxe4 Nxe4 18. Qc2 Nxg3 19. Rfe1 Qf6 20. Nd4 Nf5 21. Nxf5
Bxf5 22. Qd2 g4 23. hxg4 Rxg4 24. Re2 Rag8 25. Re3 Rxg2+ 26. Kf1 Bxe3 27. Qxe3
Rg1+ 28. Ke2 Rxa1 0-1

[Event "Challenge"]
[Site "http://www.queenalice.com/game.php?id=119850"]
[Date "2006.10.22"]
[Round "-"]
[White "piemme"]
[Black "alberto"]
[Result "0-1"]
[WhiteElo "1470"]
[BlackElo "1403"]

1. e4 Nf6 2. Bd3 Nc6 3. Qf3 e5 4. Nc3 Nd4 5. Qh3 d5 6. Qh4 Be7 7. Qg3 O-O 8.
Qxe5 dxe4 9. Bxe4 Bb4 10. d3 Nxc2+ 11. Kd2 Nd4 12. a3 Nb3+ 13. Ke3 Ng4+ 14. Kf3
Nxe5+ 15. Ke3 Qd4+ 16. Ke2 Nxd3 17. Nf3 Bxc3 18. Be3 Qxe4 19. Ng5 Nf4+ 20. Kd1
Qd3+ 21. Bd2 Qxd2# 0-1

[Event "AUTO-OPEN-246"]
[Site "http://www.queenalice.com/game.php?id=124682"]
[Date "2006.11.2"]
[Round "3"]
[White "gerchurches"]
[Black "alberto"]
[Result "1-0"]
[WhiteElo "2179"]
[BlackElo "1420"]

1. e4 e5 2. Nf3 Nc6 3. Bc4 Bc5 4. c3 Nf6 5. d4 Bb6 6. Nxe5 O-O 7. Qf3 d6 8. Nxc6
bxc6 9. Bg5 Qe7 10. Nd2 h6 11. Bxf6 Qxf6 12. Qxf6 gxf6 13. g4 Bb7 14. O-O-O c5
15. d5 c6 16. Nf1 cxd5 17. Bxd5 Bxd5 18. Rxd5 Bc7 19. Ne3 Rad8 20. Rhd1 Rfe8 21.
f3 Re5 22. h4 Kh7 23. R5d3 Re6 24. Nf5 Kg6 25. h5+ Kh7 26. a3 a5 27. b4 axb4 28.
cxb4 cxb4 29. axb4 Rb8 30. Rd4 Rb6 31. Kb2 Bb8 32. Kb3 Rc6 33. b5 Rb6 34. Kb4
Bc7 35. Rc4 1-0

[Event "AUTO-OPEN-246"]
[Site "http://www.queenalice.com/game.php?id=124683"]
[Date "2006.11.2"]
[Round "3"]
[White "alberto"]
[Black "gerchurches"]
[Result "0-1"]
[WhiteElo "1422"]
[BlackElo "2181"]

1. e4 e6 2. d4 d5 3. Nc3 Nf6 4. e5 Nfd7 5. f4 Bb4 6. Nf3 c5 7. Bd2 cxd4 8. Nb5
Bc5 9. Nbxd4 Nxe5 10. fxe5 Bxd4 11. Bg5 Qa5+ 12. c3 Bb6 13. b4 Qa3 14. Bb5+ Bd7
15. Bxd7+ Nxd7 16. Qc2 Rc8 17. Rc1 d4 18. Bd2 dxc3 19. Bxc3 Be3 20. Nd2 Nxe5 21.
Ke2 Bxd2 22. Qxd2 Qa6+ 23. Ke1 Nd3+ 24. Kd1 O-O 25. Qg5 Nf2+ 26. Ke1 f6 0-1

[Event "Challenge"]
[Site "http://www.queenalice.com/game.php?id=126263"]
[Date "2006.11.7"]
[Round "-"]
[White "alberto"]
[Black "TomBishop"]
[Result "1-0"]
[WhiteElo "1416"]
[BlackElo "1587"]

1. e4 e5 2. Nf3 Nc6 3. Bb5 d6 4. O-O Bd7 5. d4 exd4 6. Nxd4 Nxd4 7. Bxd7+ Qxd7
8. Qxd4 O-O-O 9. Nc3 Nf6 10. Bg5 Be7 11. Rfe1 c5 12. Qd3 h6 13. Bh4 g5 14. Bg3
d5 15. Rad1 d4 16. Ne2 Rhe8 17. h3 Bf8 18. Qf3 Nxe4 19. Bh2 Nd6 20. c3 Bg7 21.
cxd4 cxd4 22. Rd3 Qe6 23. g4 Qxa2 24. Rc1+ Kb8 25. Nxd4 Qxb2 26. Rcd1 Ka8 27.
Nf5 Bf8 28. Nxd6 Bxd6 29. Rxd6 Rxd6 30. Rxd6 Rf8 31. Qxf7 Rc8 32. Qd5 a6 33.
Rxa6# 1-0

[Event "Challenge"]
[Site "http://www.queenalice.com/game.php?id=180068"]
[Date "2007.3.11"]
[Round "-"]
[White "Rusty"]
[Black "alberto"]
[Result "1-0"]
[WhiteElo "1962"]
[BlackElo "1485"]

1. d4 Nf6 2. c4 g6 3. Nc3 Bg7 4. e4 d6 5. f3 O-O 6. Be3 e5 7. d5 Nh5 8. Nge2 f5
9. exf5 gxf5 10. Qd2 f4 11. Bf2 1-0